00465 2200169 4500001002100000005001500021035002000036007000300056008004100059020002200100082001000122084001600132100002000148245005000168260003500218300004200253INLIS00000000000048520210108091515 a0010-0121000024ta210108 0 ind  a978-979-662-725-7 a340.1 a340.1 YUD d0 aYudi Suparyanto1 aDeklarasi HAM di Indonesia /cYudi Suparyanto aKlaten :bCempaka Putih,c2018 avi + 98 hlm :bilus. ;c17.8 x 25 cm.